000 01127cam a22003377a 4500
001 16281425
003 OSt
005 20211027154952.0
008 100614s2010 nyua b 001 0 eng
010 _a 2010930598
015 _aGBB073777
_2bnb
016 7 _a015579044
_2Uk
020 _a9781441963383 (hbk.)
035 _a(OCoLC)ocn642290989
038 _akhadija
040 _aUKM
_cUKM
_dC#P
_dVRC
_dBTCTA
_dYDXCP
_dCDX
_dBWX
_dDLC
042 _alccopycat
050 0 0 _aTK7895.G36
_bS56 2010
082 0 4 _a621.395
_222
_bSIM
100 1 _aSimpson, Philip A.
_983478
245 1 0 _aFGPA design :
_bbest practices for team-based design /
_cPhilip Simpson.
260 _aNew York :
_bSpringer,
_cc2010.
300 _axv, 151 p. :
_bill. ;
_c24 cm.
504 _aIncludes bibliographical references (p. 147) and index.
563 _aHardcover
650 0 _aField programmable gate arrays
_xDesign
_xMethodology.
_983479
906 _a7
_bcbc
_ccopycat
_d2
_encip
_f20
_gy-gencatlg
942 _2ddc
_cBK
999 _c33195
_d33195